Catalog

Record Details

Catalog Search



Available copies

  • 1 of 1 copy available at LARL/NWRL Consortium.

Current holds

0 current holds with 1 total copy.

Show Only Available Copies
Location Call Number / Copy Notes Barcode Shelving Location Status Due Date
Roseau Public Library j RYL (Text) 35500006071144 Main Available -

Record details

  • ISBN: 9781524739720
  • ISBN: 1524739723
  • Physical Description: 337 pages ; 22 cm.
  • Edition: First edition.
  • Publisher: New York, NY : G.P. Putnam's Sons, [2018]

Content descriptions

Summary, etc.:
"Greg Belmont learns he's anything but ordinary ... Read More
Subject: Identity (Philosophical concept) > Juvenile fiction.
Dwarfs (Folklore) > Juvenile fiction.
Magic > Juvenile fiction.
Kidnapping > Juvenile fiction.
Elves > Juvenile fiction.
Adventure stories.
Fantasy > Juvenile literature.
Genre: Action and adventure fiction.
Fantasy fiction.
LDR 01675cam a22004578i 4500
001292951
003LARL_NWRL_CONSORTIUM
00520180720131151.0
008171204s2018 nyu d 000 1 eng
010 . ‡a2017053083
019 . ‡a1038717865
020 . ‡a9781524739720 ‡q(hardcover)
020 . ‡a1524739723 ‡q(hardcover)
020 . ‡z9781524739737 (ebook)
035 . ‡a(OCoLC)1004448842 ‡z(OCoLC)1038717865
040 . ‡aDLC ‡beng ‡erda ‡cDLC ‡dFSP ‡dOCLCO ‡dJTH ‡dOPW ‡dQQ3 ‡dOCLCO ‡dUAP ‡dCZA ‡dPCX ‡dVP@ ‡dCRP ‡dOCLCF ‡dGZD
042 . ‡apcc ‡alcac
08200. ‡a[Fic] ‡223
099 . ‡aSF
1001 . ‡aRylander, Chris, ‡eauthor.
24514. ‡aThe legend of Greg ‡n#1 / ‡cChris Rylander.
250 . ‡aFirst edition.
264 1. ‡aNew York, NY : ‡bG.P. Putnam's Sons, ‡c[2018]
264 4. ‡c℗♭2018
300 . ‡a337 pages ; ‡c22 cm.
336 . ‡atext ‡btxt ‡2rdacontent
337 . ‡aunmediated ‡bn ‡2rdamedia
338 . ‡avolume ‡bnc ‡2rdacarrier
4900 . ‡aEpic series of failures ; ‡v1
520 . ‡a"Greg Belmont learns he's anything but ordinary when he discovers he's a real, live, fantastical dwarf and sets off on the adventure of a lifetime"-- ‡cProvided by publisher.
650 0. ‡aIdentity (Philosophical concept) ‡vJuvenile fiction.
650 0. ‡aDwarfs (Folklore) ‡vJuvenile fiction.
650 0. ‡aMagic ‡vJuvenile fiction. ‡0(LARL_NWRL_CONSORTIUM)165990
650 0. ‡aKidnapping ‡vJuvenile fiction. ‡0(LARL_NWRL_CONSORTIUM)169825
650 0. ‡aElves ‡vJuvenile fiction.
650 0. ‡aAdventure stories. ‡0(LARL_NWRL_CONSORTIUM)12829
650 0. ‡aFantasy ‡vJuvenile literature.
655 7. ‡aAction and adventure fiction. ‡2lcgft
655 7. ‡aFantasy fiction. ‡2lcgft
901 . ‡a292951 ‡b ‡c292951 ‡tbiblio

Additional Resources